000 00495nam a22001697a 4500
005 20240821120201.0
008 240821b |||||||| |||| 00| 0 eng d
022 _a20726678
041 _aEnglish
082 _a349 NAM
100 _lEnglish
245 _aNamibia Law Journal
260 _aWindhoek:
_bNamibia Law Journal Trust and Konrad Adenauer Foundation,
_c2014
300 _biv, 116 pages;
_c25 cm.
650 _aLegal practice
_bLaw
942 _cBK
_6ALISON_BN_VRIES
999 _c2750
_d2750